| 000 | 01078nam a2200289 a 4500 | ||
|---|---|---|---|
| 001 | 000043761 | ||
| 005 | 20230331073627.0 | ||
| 008 | 140423s2014 dr 000 0 spa d | ||
| 020 | _a9789993444985 | ||
| 040 |
_aDO-SdBNP _bspa _cBNPHU |
||
| 082 |
_a344.729301 _aH557d, 2014 |
||
| 100 |
_aHernández Rueda, Lupo, _d1930-2017 _923790 |
||
| 245 | 1 | 0 |
_aDerecho procesal del trabajo / _cLupo Hernández Rueda ; edición Héctor Bdo. Guzmán. |
| 250 | _a10a ed. | ||
| 260 |
_aMoca, República Dominicana : _bDalis, _c2014. |
||
| 300 |
_a370 p. ; _c24 cm. |
||
| 500 | _aIncluye referencias bibliográficas y notas al pie de las páginas | ||
| 504 | _aBibliografía : p. 349- 355 | ||
| 509 | _aInventariado, 2018/VM | ||
| 650 | 4 |
_aDerecho laboral _zRepública Dominicana _97337 |
|
| 650 | 4 |
_aDerecho procesal _zRepública Dominicana _913091 |
|
| 650 | 4 |
_aDerecho penal _zRepública Dominicana _916470 |
|
| 650 | 4 |
_aLegislacion laboral _916517 |
|
| 650 | 4 |
_aDerecho al trabajo _916432 |
|
| 700 | 1 | 2 |
_aGuzmán, Héctor Bdo. _eed. _971585 |
| 910 | _aValidado. Control de calidad MFF | ||
| 999 |
_c43250 _d43250 |
||